[Event "La Pobla de Lillet op"]
[Site "La Pobla de Lillet ESP"]
[Date "2011.08.09"]
[Round "8.9"]
[White "Dominguez Carmona, M.."]
[Black "Simon Padros, E.."]
[Result "1/2-1/2"]
[WhiteElo "2071"]
[BlackElo "2279"]
[PlyCount "114"]
[EventDate "2011.08.02"]
[EventType "swiss"]
[EventRounds "9"]
[EventCountry "ESP"]
[SourceTitle "Ajedrez en Madrid"]
[Source "lmi"]
[SourceDate "2020.06.24"]
[SourceVersion "1"]
[SourceVersionDate "2020.06.25"]
[SourceQuality "1"]

1. d4 e6 2. c4 f5 3. g3 Nf6 4. Bg2 d5 5. Qc2 c6 6. Nh3 Bd6 7. O-O O-O 8. Bf4
Be7 9. Nd2 h6 10. f3 Nbd7 11. e4 Nb6 12. exd5 exd5 13. c5 Nbd7 14. Be3 Qe8 15.
Rfe1 Qf7 16. Nf4 Ne8 17. Bf2 Nc7 18. Re2 Re8 19. Rae1 Nf8 20. Bh3 Bd7 21. Nd3
Ng6 22. Ne5 Nxe5 23. dxe5 g6 24. b4 Ne6 25. Nb3 Kg7 26. Nd4 Nxd4 27. Bxd4 Be6
28. f4 h5 29. a4 Rec8 30. Qb2 Qf8 31. Rc2 Kh7 32. Rec1 a6 33. Bf1 g5 34. b5
axb5 35. axb5 Qg7 36. Rg2 Ra4 37. Ra1 Rca8 38. Rxa4 Rxa4 39. bxc6 bxc6 40. Bd3
Qf8 41. Rc2 Qa8 42. fxg5 Bxg5 43. Rf2 Qc8 44. Qe2 Kh6 45. Be3 Ra1+ 46. Rf1
Rxf1+ 47. Kxf1 Qd8 48. h4 Bxe3 49. Qxe3+ Kg7 50. Qf4 Kg6 51. g4 hxg4 52. Qxg4+
Kh6 53. Bxf5 Bxf5 54. Qxf5 Qxh4 55. Qe6+ Kg7 56. Qd7+ Kh8 57. e6 Qf4+ 1/2-1/2

[Event "La Pobla de Lillet op"]
[Site "La Pobla de Lillet ESP"]
[Date "2011.08.09"]
[Round "8.10"]
[White "Villuendas Valero, A.."]
[Black "Tejero Royo, F.."]
[Result "1-0"]
[WhiteElo "2254"]
[BlackElo "2094"]
[PlyCount "101"]
[EventDate "2011.08.02"]
[EventType "swiss"]
[EventRounds "9"]
[EventCountry "ESP"]
[SourceTitle "Ajedrez en Madrid"]
[Source "lmi"]
[SourceDate "2020.06.24"]
[SourceVersion "1"]
[SourceVersionDate "2020.06.25"]
[SourceQuality "1"]

1. d4 d5 2. Bf4 e6 3. e3 c5 4. c3 Nc6 5. Nd2 Bd6 6. Bg3 f5 7. Ngf3 Nf6 8. Ne5
Bxe5 9. dxe5 Ng4 10. Nf3 Qb6 11. Qb3 Na5 12. Qc2 Bd7 13. a4 Qb3 14. Qxb3 Nxb3
15. Ra3 c4 16. Nd4 Nc5 17. Be2 Nh6 18. O-O Nf7 19. Rfa1 Ke7 20. f3 Rhc8 21. f4
h6 22. Be1 a6 23. h3 Nd8 24. g4 Nc6 25. a5 Rg8 26. Kh2 g5 27. Bg3 Ne4 28. gxf5
exf5 29. Bf3 Nxd4 30. exd4 Rg7 31. Rf1 Be6 32. Raa1 Rag8 33. Rad1 Rf8 34. Rg1
Kd7 35. Rdf1 Nd2 36. Rf2 Nb3 37. Bd1 Nxa5 38. Rfg2 Nc6 39. Bh4 Rfg8 40. fxg5
hxg5 41. Rxg5 Rxg5 42. Rxg5 Rxg5 43. Bxg5 Bf7 44. h4 b5 45. h5 Bg8 46. Kg3 Ke6
47. Kf4 Bh7 48. Bh4 a5 49. Kg5 Kf7 50. Kh6 Bg8 51. e6+ 1-0

[Event "La Pobla de Lillet op"]
[Site "La Pobla de Lillet ESP"]
[Date "2011.08.09"]
[Round "8.11"]
[White "Ayza Ballester, J.."]
[Black "Garcia Galeote, L.."]
[Result "1-0"]
[WhiteElo "2192"]
[BlackElo "2059"]
[PlyCount "39"]
[EventDate "2011.08.02"]
[EventType "swiss"]
[EventRounds "9"]
[EventCountry "ESP"]
[SourceTitle "Ajedrez en Madrid"]
[Source "lmi"]
[SourceDate "2020.06.24"]
[SourceVersion "1"]
[SourceVersionDate "2020.06.25"]
[SourceQuality "1"]

1. c4 e6 2. d4 d5 3. e3 Nf6 4. Nf3 Be7 5. Nc3 O-O 6. Bd3 b6 7. cxd5 exd5 8. h3
Bb7 9. O-O Ne4 10. Qc2 Nxc3 11. Bxh7+ Kh8 12. bxc3 g6 13. Bxg6 fxg6 14. Qxg6
Rf6 15. Qh5+ Kg7 16. Ne5 Qg8 17. e4 dxe4 18. Bg5 Re6 19. Bxe7 Rxe7 20. Qg5+ 1-0

[Event "La Pobla de Lillet op"]
[Site "La Pobla de Lillet ESP"]
[Date "2011.08.09"]
[Round "8.17"]
[White "Travesset Barba, J.."]
[Black "Corrigüelas Armillas, F.."]
[Result "0-1"]
[WhiteElo "2094"]
[BlackElo "1965"]
[PlyCount "96"]
[EventDate "2011.08.02"]
[EventType "swiss"]
[EventRounds "9"]
[EventCountry "ESP"]
[SourceTitle "Ajedrez en Madrid"]
[Source "lmi"]
[SourceDate "2020.06.24"]
[SourceVersion "1"]
[SourceVersionDate "2020.06.25"]
[SourceQuality "1"]

1. d4 Nf6 2. Nf3 e6 3. c4 b6 4. Nc3 Bb4 5. Qc2 Bb7 6. e3 O-O 7. Bd2 Bxc3 8.
Bxc3 Ne4 9. Bd3 f5 10. Bxe4 Bxe4 11. Qe2 d6 12. O-O Nd7 13. Nd2 Bb7 14. f3 Qe7
15. e4 e5 16. exf5 Rxf5 17. Rae1 Qf7 18. d5 Rf8 19. Ne4 Qe7 20. Bd2 h6 21. g4
R5f7 22. Ng3 c6 23. Nf5 Qf6 24. Bb4 Nc5 25. Bxc5 bxc5 26. dxc6 Bxc6 27. Rd1 Rd7
28. Qe3 Rfd8 29. Rfe1 Qg5 30. h4 Qxe3+ 31. Rxe3 Kf7 32. f4 exf4 33. Ra3 Be4 34.
Ra6 Bxf5 35. gxf5 Kf6 36. Rd5 Re8 37. Kf2 Re5 38. Raxd6+ Rxd6 39. Rxd6+ Kxf5
40. Rd7 g5 41. hxg5 hxg5 42. Rxa7 Re4 43. b3 Rd4 44. Ke2 Kg4 45. Rc7 Kg3 46.
Rxc5 g4 47. Rf5 f3+ 48. Ke3 Rd8 0-1

[Event "La Pobla de Lillet op"]
[Site "La Pobla de Lillet ESP"]
[Date "2011.08.10"]
[Round "9.1"]
[White "Peralta, F.."]
[Black "Capellades Subirana, M.."]
[Result "1/2-1/2"]
[WhiteElo "2601"]
[BlackElo "2260"]
[PlyCount "49"]
[EventDate "2011.08.02"]
[EventType "swiss"]
[EventRounds "9"]
[EventCountry "ESP"]
[SourceTitle "Ajedrez en Madrid"]
[Source "lmi"]
[SourceDate "2020.06.24"]
[SourceVersion "1"]
[SourceVersionDate "2020.06.25"]
[SourceQuality "1"]

1. d4 Nf6 2. c4 e6 3. Nc3 Bb4 4. e3 b6 5. Bd3 Bb7 6. Nf3 Be4 7. Be2 O-O 8. O-O
Bxc3 9. bxc3 d6 10. Ne1 Nbd7 11. f3 Bg6 12. e4 e5 13. Nc2 Re8 14. Bg5 h6 15.
Bh4 Bh7 16. Ne3 g5 17. Bf2 Nh5 18. c5 bxc5 19. Bb5 cxd4 20. cxd4 Nf4 21. Ng4
Re6 22. Bxd7 Qxd7 23. dxe5 Qb5 24. Rb1 Qc4 25. exd6 1/2-1/2

[Event "La Pobla de Lillet op"]
[Site "La Pobla de Lillet ESP"]
[Date "2011.08.10"]
[Round "9.3"]
[White "Gorbatov, A.."]
[Black "Korneev, O.."]
[Result "0-1"]
[WhiteElo "2375"]
[BlackElo "2588"]
[PlyCount "63"]
[EventDate "2011.08.02"]
[EventType "swiss"]
[EventRounds "9"]
[EventCountry "ESP"]
[SourceTitle "Ajedrez en Madrid"]
[Source "lmi"]
[SourceDate "2020.06.24"]
[SourceVersion "1"]
[SourceVersionDate "2020.06.25"]
[SourceQuality "1"]

1. e4 c5 2. Nf3 Nc6 3. Bb5 e6 4. O-O Nge7 5. Re1 a6 6. Bxc6 Nxc6 7. d4 cxd4 8.
Nxd4 d6 9. c4 Bd7 10. Nc3 Be7 11. Be3 Ne5 12. b3 O-O 13. a4 b6 14. Qe2 Qc7 15.
Rac1 Rfe8 16. Red1 Bc8 17. Nf3 Nd7 18. Bf4 Bb7 19. Rc2 Nc5 20. b4 Nd7 21. Rcd2
e5 22. Bg5 f6 23. Be3 Rac8 24. c5 bxc5 25. Nd5 Bxd5 26. Rxd5 Nb6 27. R5d2 c4
28. a5 Na4 29. Rc2 Qb7 30. Bd2 c3 31. Be1 Qxb4 32. Nh4 0-1

[Event "La Pobla de Lillet op"]
[Site "La Pobla de Lillet ESP"]
[Date "2011.08.10"]
[Round "9.4"]
[White "Alvarez Pedraza, A.."]
[Black "Garcia Gracia, VH.."]
[Result "1-0"]
[WhiteElo "2551"]
[BlackElo "1919"]
[PlyCount "45"]
[EventDate "2011.08.02"]
[EventType "swiss"]
[EventRounds "9"]
[EventCountry "ESP"]
[SourceTitle "Ajedrez en Madrid"]
[Source "lmi"]
[SourceDate "2020.06.24"]
[SourceVersion "1"]
[SourceVersionDate "2020.06.25"]
[SourceQuality "1"]

1. d4 Nf6 2. c4 e6 3. Nc3 Bb4 4. e3 O-O 5. Nge2 d5 6. a3 Bxc3+ 7. Nxc3 b6 8.
Be2 dxc4 9. O-O Bb7 10. Bxc4 Nbd7 11. a4 c5 12. a5 cxd4 13. exd4 Qc7 14. Be2 a6
15. Qd3 b5 16. Qg3 Qxg3 17. hxg3 Ne4 18. Na2 Ndf6 19. Nb4 Rfd8 20. Rd1 Bd5 21.
Bf4 Rdc8 22. f3 Bb3 23. Rdc1 1-0

[Event "La Pobla de Lillet op"]
[Site "La Pobla de Lillet ESP"]
[Date "2011.08.10"]
[Round "9.5"]
[White "Oms Pallisse, J.."]
[Black "Jover Font, P.."]
[Result "1-0"]
[WhiteElo "2489"]
[BlackElo "1712"]
[PlyCount "72"]
[EventDate "2011.08.02"]
[EventType "swiss"]
[EventRounds "9"]
[EventCountry "ESP"]
[SourceTitle "Ajedrez en Madrid"]
[Source "lmi"]
[SourceDate "2020.06.24"]
[SourceVersion "1"]
[SourceVersionDate "2020.06.25"]
[SourceQuality "1"]

1. d4 Nf6 2. c4 e6 3. Nf3 b6 4. g3 Bb7 5. Bg2 d5 6. cxd5 exd5 7. Nc3 Bd6 8. O-O
O-O 9. Ne5 Nbd7 10. Bf4 Re8 11. Nd3 Nf8 12. Qa4 Ne6 13. Bxd6 Qxd6 14. Rfd1 a6
15. Rac1 b5 16. Qa3 Qb6 17. e3 Red8 18. h4 Rac8 19. Bh3 Nd7 20. Qe7 a5 21. Ne2
Re8 22. Qxd7 Rcd8 23. Bxe6 Rxd7 24. Bxd7 Re7 25. Bh3 b4 26. Nef4 h6 27. h5 g5
28. hxg6 fxg6 29. Nc5 g5 30. Nfd3 h5 31. Nxb7 Qxb7 32. Bg2 h4 33. gxh4 gxh4 34.
Nf4 c6 35. Rc5 Rg7 36. Rdc1 Qd7 1-0

[Event "La Pobla de Lillet op"]
[Site "La Pobla de Lillet ESP"]
[Date "2011.08.10"]
[Round "9.6"]
[White "Velicka, P.."]
[Black "Villuendas Valero, A.."]
[Result "1/2-1/2"]
[WhiteElo "2461"]
[BlackElo "2207"]
[PlyCount "150"]
[EventDate "2011.08.02"]
[EventType "swiss"]
[EventRounds "9"]
[EventCountry "ESP"]
[SourceTitle "Ajedrez en Madrid"]
[Source "lmi"]
[SourceDate "2020.06.24"]
[SourceVersion "1"]
[SourceVersionDate "2020.06.25"]
[SourceQuality "1"]

1. e4 c5 2. Nf3 g6 3. c4 Nc6 4. d4 cxd4 5. Nxd4 Nf6 6. Nc3 d6 7. Be2 Nxd4 8.
Qxd4 Bg7 9. Be3 O-O 10. Qd2 Be6 11. Rc1 Qa5 12. f3 Rfc8 13. b3 a6 14. Na4 Qxd2+
15. Kxd2 Nd7 16. g4 h6 17. h3 Rc7 18. f4 Nc5 19. Nb6 Re8 20. Bf3 Nd7 21. Nd5
Bxd5 22. cxd5 Rec8 23. Rxc7 Rxc7 24. Rc1 Rxc1 25. Kxc1 Bc3 26. a3 Ba5 27. b4
Bb6 28. Bd2 Bf2 29. g5 hxg5 30. fxg5 Kf8 31. Kc2 Ke8 32. a4 Kd8 33. a5 Bh4 34.
Be2 Kc7 35. Be3 Be1 36. Kb3 Bh4 37. Ka4 Be1 38. b5 axb5+ 39. Bxb5 Bh4 40. Bxd7
Kxd7 41. Kb5 Kc7 42. Kc4 Be1 43. Bb6+ Kd7 44. Kd3 Bh4 45. Be3 Be1 46. Bd2 Bg3
47. Ke2 Be5 48. Be3 Bc3 49. Bb6 Bb4 50. h4 Ke8 51. Kf3 Be1 52. Kg4 Kd7 53. h5
gxh5+ 54. Kxh5 Bd2 55. Kg4 Ke8 56. Kh4 Kd7 57. Kh5 Be3 58. Kh6 Bd2 59. Kg7 Bxg5
60. Kxf7 Bd2 61. Kg6 e6 62. Kf6 Bc3+ 63. Kf7 exd5 64. exd5 Be1 65. Kf6 Bd2 66.
Kf5 Be1 67. Ke4 Bd2 68. Kd3 Be1 69. Kc4 Bd2 70. Kb5 Be1 71. Bd4 Bg3 72. Kb6 Kc8
73. Be3 Bh2 74. Bh6 Bg1+ 75. Kb5 Bf2 1/2-1/2

[Event "La Pobla de Lillet op"]
[Site "La Pobla de Lillet ESP"]
[Date "2011.08.10"]
[Round "9.7"]
[White "Panelo Muñoz, MA.."]
[Black "Balague Camps, M.."]
[Result "1-0"]
[WhiteElo "2413"]
[BlackElo "2119"]
[PlyCount "71"]
[EventDate "2011.08.02"]
[EventType "swiss"]
[EventRounds "9"]
[EventCountry "ESP"]
[SourceTitle "Ajedrez en Madrid"]
[Source "lmi"]
[SourceDate "2020.06.24"]
[SourceVersion "1"]
[SourceVersionDate "2020.06.25"]
[SourceQuality "1"]

1. Nf3 d5 2. c4 c6 3. g3 Nf6 4. Bg2 e6 5. d4 Be7 6. O-O Nbd7 7. Qc2 O-O 8. b3
b6 9. Rd1 Bb7 10. Nc3 Rc8 11. e4 dxe4 12. Nxe4 Nxe4 13. Qxe4 Bf6 14. Bf4 Qe7
15. Rac1 Rfd8 16. Ne5 Nxe5 17. dxe5 Bg5 18. Rd6 Bxf4 19. Qxf4 Rc7 20. Rcd1 Rcd7
21. b4 Rxd6 22. exd6 Qd7 23. Qe4 Rb8 24. c5 b5 25. h4 Ra8 26. h5 h6 27. a3 f5
28. Qe5 a5 29. Re1 Bc8 30. a4 Rb8 31. Rb1 Ba6 32. axb5 Bxb5 33. bxa5 Rb7 34.
Bf1 Ba6 35. Rxb7 Bxb7 36. Bc4 1-0

[Event "La Pobla de Lillet op"]
[Site "La Pobla de Lillet ESP"]
[Date "2011.08.10"]
[Round "9.9"]
[White "Garcia Castellote, D.."]
[Black "Pascual Genoves, M.."]
[Result "1-0"]
[WhiteElo "2004"]
[BlackElo "2220"]
[PlyCount "97"]
[EventDate "2011.08.02"]
[EventType "swiss"]
[EventRounds "9"]
[EventCountry "ESP"]
[SourceTitle "Ajedrez en Madrid"]
[Source "lmi"]
[SourceDate "2020.06.24"]
[SourceVersion "1"]
[SourceVersionDate "2020.06.25"]
[SourceQuality "1"]

1. e4 g6 2. d4 d6 3. c4 Bg7 4. Nc3 Nf6 5. f3 O-O 6. Be3 c6 7. Qd2 e5 8. d5 cxd5
9. cxd5 Ne8 10. Bd3 f5 11. exf5 gxf5 12. O-O-O a6 13. Nge2 Nf6 14. Qc2 Kh8 15.
Bg5 Qa5 16. Bxf5 Bxf5 17. Qxf5 Nxd5 18. Qe6 Nf4 19. Qxd6 Nxe2+ 20. Nxe2 Qxa2
21. Nc3 Qb3 22. Qd5 Qb6 23. Kb1 Nc6 24. Ne4 Qc7 25. Qd7 Rf7 26. Qxc7 Rxc7 27.
Rhe1 Rf8 28. Rd6 Nd4 29. Nf6 Nb5 30. Rb6 h6 31. Bh4 Rc4 32. Ne4 Rc7 33. Nf6 Rc4
34. Ne4 Rc7 35. Nf6 Nd4 36. Rxe5 Nc6 37. Re8 Rcf7 38. Rxf8+ Bxf8 39. Ne4 Bb4
40. Kc1 Ba5 41. Rb3 Nd4 42. Ra3 Kh7 43. Bf2 Nc6 44. Rd3 Nb4 45. Rd4 Kg6 46.
Rd6+ Kf5 47. Rxh6 Nd3+ 48. Kc2 Nb4+ 49. Kb3 1-0

[Event "La Pobla de Lillet op"]
[Site "La Pobla de Lillet ESP"]
[Date "2011.08.10"]
[Round "9.10"]
[White "Gonzalez Aguirre, L.."]
[Black "Corrigüelas Armillas, F.."]
[Result "0-1"]
[WhiteElo "2207"]
[BlackElo "1965"]
[PlyCount "78"]
[EventDate "2011.08.02"]
[EventType "swiss"]
[EventRounds "9"]
[EventCountry "ESP"]
[SourceTitle "Ajedrez en Madrid"]
[Source "lmi"]
[SourceDate "2020.06.24"]
[SourceVersion "1"]
[SourceVersionDate "2020.06.25"]
[SourceQuality "1"]

1. Nf3 Nf6 2. c4 e6 3. g3 b6 4. Bg2 Bb7 5. O-O Be7 6. b3 O-O 7. Bb2 d5 8. e3
Nbd7 9. Nc3 c5 10. Qe2 Rc8 11. Rac1 Rc7 12. cxd5 Nxd5 13. Nb5 Rc8 14. d4 a6 15.
Nc3 Rc7 16. Nxd5 exd5 17. Rfd1 Qa8 18. dxc5 bxc5 19. Nd4 Bf6 20. Ba3 g6 21. Bh3
Bxd4 22. Rxd4 Qd8 23. Rh4 d4 24. exd4 Re8 25. Qd1 Qa8 26. dxc5 Ne5 27. c6 Bxc6
28. Rxc6 Qxc6 29. Bg2 Qc2 30. Qd5 Rd7 31. Qa5 Qd1+ 32. Bf1 Nf3+ 33. Kg2 Nxh4+
34. gxh4 Qg4+ 35. Kh1 Qf3+ 36. Kg1 Qg4+ 37. Kh1 Rd1 38. Qxa6 Rxf1+ 39. Qxf1 Rd8
0-1

[Event "La Pobla de Lillet op"]
[Site "La Pobla de Lillet ESP"]
[Date "2011.08.10"]
[Round "9.18"]
[White "Garcia Galeote, L.."]
[Black "Gamisans Fabregas, J.."]
[Result "1/2-1/2"]
[WhiteElo "2059"]
[BlackElo "1956"]
[PlyCount "73"]
[EventDate "2011.08.02"]
[EventType "swiss"]
[EventRounds "9"]
[EventCountry "ESP"]
[SourceTitle "Ajedrez en Madrid"]
[Source "lmi"]
[SourceDate "2020.06.24"]
[SourceVersion "1"]
[SourceVersionDate "2020.06.25"]
[SourceQuality "1"]

1. d4 e6 2. Nf3 f5 3. g3 Nf6 4. Bg2 Be7 5. O-O O-O 6. c4 d6 7. Nc3 Nc6 8. d5
exd5 9. cxd5 Ne5 10. Nd4 Qe8 11. Ncb5 Bd8 12. Qc2 Rf7 13. Bg5 a6 14. Bxf6 axb5
15. Bxd8 Qxd8 16. Nxb5 f4 17. Nd4 Qf6 18. Ne6 f3 19. exf3 Nxf3+ 20. Bxf3 Qxf3
21. Ng5 Qf5 22. Qd2 Rf6 23. Rfe1 Bd7 24. f4 c6 25. Red1 h6 26. Nf3 Qe4 27. Qd3
Qxd3 28. Rxd3 Bf5 29. Rb3 Be4 30. dxc6 Bxc6 31. Re3 g5 32. f5 Rxf5 33. Nd4 Rd5
34. Nxc6 bxc6 35. Re6 h5 36. Rf1 Rxa2 37. Re8+ 1/2-1/2

[Event "La Pobla de Lillet op"]
[Site "La Pobla de Lillet ESP"]
[Date "2011.08.10"]
[Round "9.21"]
[White "Tardio Fran, E.."]
[Black "Travesset Barba, J.."]
[Result "1/2-1/2"]
[WhiteElo "1901"]
[BlackElo "2094"]
[PlyCount "184"]
[EventDate "2011.08.02"]
[EventType "swiss"]
[EventRounds "9"]
[EventCountry "ESP"]
[SourceTitle "Ajedrez en Madrid"]
[Source "lmi"]
[SourceDate "2020.06.24"]
[SourceVersion "1"]
[SourceVersionDate "2020.06.25"]
[SourceQuality "1"]

1. e4 d5 2. e5 c5 3. f4 Bf5 4. g4 Be4 5. Nf3 e6 6. d3 Bxf3 7. Qxf3 Qh4+ 8. Qg3
Qxg3+ 9. hxg3 Nc6 10. c3 Nh6 11. Be2 O-O-O 12. Kf2 Ng8 13. Nd2 f6 14. exf6 gxf6
15. Nf3 Nge7 16. Nh4 Rg8 17. Bd2 Rd7 18. Rae1 e5 19. Nf5 Nxf5 20. gxf5 Rdg7 21.
Bf3 Rd7 22. Bc1 Kc7 23. fxe5 Nxe5 24. Bf4 Bd6 25. Be2 Ng4+ 26. Bxg4 Bxf4 27.
Kf3 Be5 28. Rh4 Rdg7 29. Rg1 h5 30. Bh3 Rg5 31. g4 hxg4+ 32. Rhxg4 Rxf5+ 33.
Ke2 Rfg5 34. Rxg5 fxg5 35. Bg2 d4 36. Rf1 Bf4 37. Rh1 Rg7 38. Rh8 Bc1 39. cxd4
cxd4 40. b3 Kb6 41. Re8 Kb5 42. Rc8 Be3 43. Rc4 a5 44. a4+ Ka6 45. b4 axb4 46.
Rxb4 Rc7 47. Bd5 g4 48. Kf1 g3 49. Kg2 Bf2 50. Rb5 b6 51. Bc4 Ka7 52. a5 bxa5
53. Rxa5+ Kb6 54. Rh5 Re7 55. Rh6+ Kc5 56. Be6 Kb4 57. Bf5 Kc3 58. Be4 Kd2 59.
Rf6 Re8 60. Rf7 Ke3 61. Rf3+ Ke2 62. Rf7 Rc8 63. Re7 Rc3 64. Bf5+ Kd2 65. Ra7
Rc5 66. Ra2+ Ke3 67. Be4 Rh5 68. Kf1 Rc5 69. Re2+ Kf4 70. Kg2 Rc1 71. Kh3 Be3
72. Kg2 Rg1+ 73. Kh3 Bf2 74. Bg2 Be3 75. Be4 Rf1 76. Kg2 Rc1 77. Kh3 Rc8 78.
Kg2 Rh8 79. Kf1 Kg4 80. Bg2 Rf8+ 81. Ke1 Rb8 82. Kf1 Rb1+ 83. Re1 Rb3 84. Be4
Bf2 85. Ra1 Kh3 86. Ra8 Rb1+ 87. Ke2 Re1+ 88. Kf3 Re3+ 89. Kf4 g2 90. Rh8+ Bh4
91. Bxg2+ Kxg2 92. Rxh4 Rxd3 1/2-1/2